<?xml version="1.0" encoding="UTF-8"?>
<record
    xmlns:xsi="http://www.w3.org/2001/XMLSchema-instance"
    xsi:schemaLocation="http://www.loc.gov/MARC21/slim http://www.loc.gov/standards/marcxml/schema/MARC21slim.xsd"
    xmlns="http://www.loc.gov/MARC21/slim">

  <leader>00721nam a2200181   4500</leader>
  <datafield tag="999" ind1=" " ind2=" ">
    <subfield code="c">56840</subfield>
    <subfield code="d">56840</subfield>
  </datafield>
  <controlfield tag="005">20190510195327.0</controlfield>
  <controlfield tag="008">190510c2019    &#x440;&#x443; ||||| |||| 00| 0 &#x440;&#x443;&#x441; d</controlfield>
  <datafield tag="022" ind1=" " ind2=" ">
    <subfield code="a">0205-9592</subfield>
  </datafield>
  <datafield tag="041" ind1=" " ind2=" ">
    <subfield code="a">&#x440;&#x443;&#x441;</subfield>
  </datafield>
  <datafield tag="245" ind1=" " ind2=" ">
    <subfield code="a">&#x41F;&#x441;&#x438;&#x445;&#x43E;&#x43B;&#x43E;&#x433;&#x438;&#x447;&#x435;&#x441;&#x43A;&#x438;&#x439; &#x416;&#x443;&#x440;&#x43D;&#x430;&#x43B; :</subfield>
    <subfield code="b">2019 N2 (&#x422;&#x43E;&#x43C;40) &#x41C;&#x430;&#x440;&#x442;-&#x410;&#x43F;&#x440;&#x435;&#x43B;&#x44C; / </subfield>
    <subfield code="c">&#x413;&#x43B;. &#x440;&#x435;&#x434;.:&#x416;&#x443;&#x440;&#x430;&#x432;&#x43B;&#x435;&#x432; &#x410;.&#x41B;.</subfield>
  </datafield>
  <datafield tag="260" ind1=" " ind2=" ">
    <subfield code="a">&#x41C;&#x43E;&#x441;&#x43A;&#x432;&#x430; :</subfield>
    <subfield code="b">&#x420;&#x43E;&#x441;&#x441;&#x438;&#x438;&#x441;&#x43A;&#x430;&#x44F; &#x430;&#x43A;&#x430;&#x434;&#x435;&#x43C;&#x438;&#x44F; &#x43D;&#x430;&#x443;&#x43A;,</subfield>
    <subfield code="c">2019</subfield>
  </datafield>
  <datafield tag="300" ind1=" " ind2=" ">
    <subfield code="a">V.</subfield>
  </datafield>
  <datafield tag="653" ind1=" " ind2=" ">
    <subfield code="a">&#x10E4;&#x10E1;&#x10D8;&#x10E5;&#x10DD;&#x10DA;&#x10DD;&#x10D2;&#x10D8;&#x10D0;</subfield>
  </datafield>
  <datafield tag="653" ind1=" " ind2=" ">
    <subfield code="a">&#x41F;&#x441;&#x438;&#x445;&#x43E;&#x43B;&#x43E;&#x433;&#x438;&#x447;&#x435;&#x441;&#x43A;&#x438;&#x439; &#x416;&#x443;&#x440;&#x43D;&#x430;&#x43B; N2 (&#x422;&#x43E;&#x43C;40) &#x41C;&#x430;&#x440;&#x442;-&#x410;&#x43F;&#x440;&#x435;&#x43B;&#x44C; 2019.</subfield>
  </datafield>
  <datafield tag="653" ind1=" " ind2=" ">
    <subfield code="a">&#x43F;&#x435;&#x440;&#x438;&#x43E;&#x434;&#x438;&#x43A;&#x430;</subfield>
  </datafield>
  <datafield tag="700" ind1=" " ind2=" ">
    <subfield code="a">&#x416;&#x443;&#x440;&#x430;&#x432;&#x43B;&#x435;&#x432;, &#x410;.&#x41B;.</subfield>
    <subfield code="e">&#x413;&#x43B;. &#x440;&#x435;&#x434;&#x430;&#x43A;&#x442;&#x43E;&#x440;</subfield>
    <subfield code="9">1024</subfield>
  </datafield>
  <datafield tag="942" ind1=" " ind2=" ">
    <subfield code="2">udc</subfield>
    <subfield code="c">CR</subfield>
  </datafield>
  <datafield tag="952" ind1=" " ind2=" ">
    <subfield code="0">0</subfield>
    <subfield code="1">0</subfield>
    <subfield code="2">udc</subfield>
    <subfield code="4">0</subfield>
    <subfield code="7">2</subfield>
    <subfield code="9">83027</subfield>
    <subfield code="a">CPL</subfield>
    <subfield code="b">CPL</subfield>
    <subfield code="d">2019-05-10</subfield>
    <subfield code="h">N 2(&#x422;&#x43E;&#x43C;40) &#x43C;&#x430;&#x440;&#x442;-&#x430;&#x43F;&#x440;&#x435;&#x43B;&#x44C; (2019)</subfield>
    <subfield code="p">p80025</subfield>
    <subfield code="r">2019-05-10</subfield>
    <subfield code="t">p80025</subfield>
    <subfield code="w">2019-05-10</subfield>
    <subfield code="y">CR</subfield>
  </datafield>
  <datafield tag="952" ind1=" " ind2=" ">
    <subfield code="0">0</subfield>
    <subfield code="1">0</subfield>
    <subfield code="2">udc</subfield>
    <subfield code="4">0</subfield>
    <subfield code="7">2</subfield>
    <subfield code="9">83028</subfield>
    <subfield code="a">CPL</subfield>
    <subfield code="b">CPL</subfield>
    <subfield code="d">2019-05-10</subfield>
    <subfield code="h">N 1(T&#x43E;&#x43C;40)  &#x42F;&#x43D;&#x432;&#x430;&#x440;&#x44C;-&#x444;&#x435;&#x432;&#x440;&#x430;&#x43B;&#x44C; 2019.</subfield>
    <subfield code="p">p80024</subfield>
    <subfield code="r">2019-05-10</subfield>
    <subfield code="t">p80024</subfield>
    <subfield code="w">2019-05-10</subfield>
    <subfield code="y">CR</subfield>
  </datafield>
  <datafield tag="952" ind1=" " ind2=" ">
    <subfield code="0">0</subfield>
    <subfield code="1">0</subfield>
    <subfield code="2">udc</subfield>
    <subfield code="4">0</subfield>
    <subfield code="7">2</subfield>
    <subfield code="9">86618</subfield>
    <subfield code="a">CPL</subfield>
    <subfield code="b">CPL</subfield>
    <subfield code="d">2019-07-10</subfield>
    <subfield code="h">N 3(&#x422;&#x43E;&#x43C;40) &#x41C;&#x430;&#x439;- &#x418;&#x44E;&#x43D;&#x44C; (2019)</subfield>
    <subfield code="p">p80142</subfield>
    <subfield code="r">2019-07-10</subfield>
    <subfield code="t">p80142</subfield>
    <subfield code="w">2019-07-10</subfield>
    <subfield code="y">CR</subfield>
  </datafield>
  <datafield tag="952" ind1=" " ind2=" ">
    <subfield code="0">0</subfield>
    <subfield code="1">0</subfield>
    <subfield code="2">udc</subfield>
    <subfield code="4">0</subfield>
    <subfield code="7">0</subfield>
    <subfield code="9">88892</subfield>
    <subfield code="a">CPL</subfield>
    <subfield code="b">CPL</subfield>
    <subfield code="d">2020-02-19</subfield>
    <subfield code="h">N 6 (&#x422;&#x43E;&#x43C;40) &#x41D;&#x43E;&#x44F;&#x431;&#x440;&#x44C; - &#x414;&#x435;&#x43A;&#x430;&#x431;&#x440;&#x44C;  (2019)</subfield>
    <subfield code="p">p80581</subfield>
    <subfield code="r">2020-02-19</subfield>
    <subfield code="t">p80581</subfield>
    <subfield code="w">2020-02-19</subfield>
    <subfield code="y">CR</subfield>
  </datafield>
</record>
